000 01520nam a2200265Ia 4500
003 Ost
005 20260507074920.0
008 260507s9999||||xx |||||||||||||| ||und||
040 _cfsecg
041 _aara
082 _a657
100 _aالججاوي، طلال محمد
_eمؤلف
245 0 _aأساسيات المعرفة المحاسبية /
_c طلال محمد الججاوي
260 _aعمان:
_bدار اليازوري,
_c2009
300 _a413 صفحة؛
_bإيضاحات ؛
_c24 سم
504 _aببليوغرافيا: ص.409
520 _aالمحاسبة وبيئة الأعمال -الجانب العلمي(النظري للمحاسبة) - العمليات المحاسبية وتسجيلها -المحاسبة عن تكوين الشركات والمشاريع الفردية -المحاسبة عن البضاعة (المخزون) - المحاسبة عن النقدية -المحاسبة عن المدينين -المحاسبة عن الموجودات غير المتداولة -المحاسبة عن المطلوبات والرواتب -الأخطاء المحاسبية وتصحيحها -القوائم المالية -الإطار المرجعي والمعايير الدولية لإعداد التقارير المالية
653 _aالبضاعة
653 _aالتكوين
653 _aالمحاسبة
653 _aالمشروعات
653 _aالمعرفة
700 _aنعوم، ريان يوسف وآخرون
_eمؤلف ثانوي
942 _cكتاب
999 _c41795
_d41795